Clubes dos jogadores da Seleção Brasileira durante a Copa de 2002 - Statistics

Estatísticas Gerais
  • Esse quiz foi jogado 460 vezes
  • A pontuação média é 19 de 23
Estatísticas das Respostas
Jogador Posição Time % Correto
Rogério Ceni Goleiro São Paulo
100%
Belletti Lateral São Paulo
100%
Ricardinho Meia São Paulo
100%
Kaká Meia São Paulo
100%
Rivaldo Atacante Barcelona
99%
Roberto Carlos Lateral Real Madrid
99%
Marcos Goleiro Palmeiras
98%
Dida Goleiro Corinthians
96%
Vampeta Meia Corinthians
96%
Roque Júnior Zagueiro Milan
95%
Ronaldo Atacante Internazionale
94%
Ronaldinho Meia Paris Saint-German
93%
Cafu Lateral Roma
85%
Juninho Paulista Meia Flamengo
83%
Anderson Polga Zagueiro Grêmio
81%
Luizão Atacante Grêmio
81%
Denilson Atacante Real Betis
76%
Gilberto Silva Meia Atlético Mineiro
72%
Edilson Atacante Cruzeiro
71%
Kléberson Meia Atlético Paranaense
57%
Lúcio Zagueiro Bayer Leverkusen
57%
Edmilson Zagueiro Olympique Lyonnais
39%
Júnior Lateral Parma
30%
Nenhum quiz correspondente encontrado
Distribuição das Pontuações
Porcentagem de Pessoas com Cada Pontuação
Percentil de Números Respondidos
Sua Pontuação Histórica
Você não jogou esse quiz